Кратковременый отпуск быстрорежущих сталей; Автоматизация производственных процессов в машиностроении. Металловедение, термическая обработка металлов и сварочное производство; Ч. 4

Detalles Bibliográficos
Parent link:Автоматизация производственных процессов в машиностроении. Металловедение, термическая обработка металлов и сварочное производство: сборник
Ч. 4.— 1970.— С. 166-172
Autor principal: Кильков Н. С.
Otros Autores: Тихонов И. Т., Филимонова Е. П.
Lenguaje:ruso
Publicado: 1970
Materias:
Formato: Capítulo de libro
KOHA link:https://koha.lib.tpu.ru/cgi-bin/koha/opac-detail.pl?biblionumber=593902

MARC

LEADER 00000naa0a2200000 4500
001 593902
005 20250610141636.0
035 |a (RuTPU)RU\TPU\tpu\7707 
090 |a 593902 
100 |a 20020118d1970 k||y0rusy50 ca 
101 0 |a rus 
102 |a RU 
200 1 |a Кратковременый отпуск быстрорежущих сталей  |f Н. С. Кильков, И. Т. Тихонов, Е. П. Филимонова 
320 |a Библиогр.: 6 назв. 
461 |t Автоматизация производственных процессов в машиностроении. Металловедение, термическая обработка металлов и сварочное производство  |o сборник 
463 |t Ч. 4  |v  С. 166-172  |d  1970 
610 1 |a быстрорежущие стали 
610 1 |a труды учёных ТПУ 
700 1 |a Кильков  |b Н. С. 
701 1 |a Тихонов  |b И. Т. 
701 1 |a Филимонова  |b Е. П. 
801 0 |a RU  |b 63413507  |c 20020118  |g PSBO 
801 2 |a RU  |b 63413507  |c 20090615  |g PSBO 
850 |a 63413507 
942 |c BK